Największe Sztuczne Zbiorniki Wodne W Polsce - Statystyki

Ogólne statystyki
  • Ten quiz został rozwiązany 369 razy
  • Średni wynik to 6 z 17
Statystyki odpowiedzi
Rzeka Zbiornik % Poprawnych
San Soliński
87%
Wisła Włocławski
72%
Dunajec Czorsztyński
65%
Wisła Goczałkowicki
55%
Warta Jeziorsko
50%
Narew Zegrzyński
49%
Nysa Kłodzka Otmuchowski
42%
Dunajec Rożnowski
42%
Pilica Sulejowski
34%
Soła Żywiecki
32%
Mały Panew Turawski
24%
Brda Koronowski
19%
Nysa Kłodzka Nysa
9%
Narew Siemianówka
5%
Skawa Świnna Poręba
5%
Raba Dobrzyce
3%
Kłodnica Dzierżno Duże
3%
Nie znaleziono quizów pasujących do podanych kryteriów
Rozkład punktacji
Procent ludzi z każdym wynikiem
Percentyl według liczby udzielonych odpowiedzi
Twoja historia wyników
Nie rozwiązałeś tego quizu